Quelle espérance pour le dialogue interreligieux ? (notice n° 1766746)

détails MARC
000 -LEADER
fixed length control field 00780cam a2200157 4500500
005 - DATE AND TIME OF LATEST TRANSACTION
control field 20260322011709.0
041 ## - LANGUAGE CODE
Language code of text/sound track or separate title fre
042 ## - AUTHENTICATION CODE
Authentication code dc
100 10 - MAIN ENTRY--PERSONAL NAME
Personal name Comeau, Geneviève
Relator term author
245 00 - TITLE STATEMENT
Title Quelle espérance pour le dialogue interreligieux ?
260 ## - PUBLICATION, DISTRIBUTION, ETC.
Date of publication, distribution, etc. 2005.<br/>
500 ## - GENERAL NOTE
General note 84
520 ## - SUMMARY, ETC.
Summary, etc. RésuméDepuis quelques années, l’interreligieux a le vent en poupe. Pourtant, des signes de découragement se font sentir. N’est-on pas en train de tourner en rond ? Certains ont l’impression d’un nivellement des religions, et s’inquiètent d’une rhétorique « religieusement correcte ».
786 0# - DATA SOURCE ENTRY
Note Études | 402 | 2 | 2005-02-01 | p. 209-220 | 0014-1941
856 41 - ELECTRONIC LOCATION AND ACCESS
Uniform Resource Identifier <a href="https://shs.cairn.info/revue-etudes-2005-2-page-209?lang=fr&redirect-ssocas=7080">https://shs.cairn.info/revue-etudes-2005-2-page-209?lang=fr&redirect-ssocas=7080</a>

Pas d'exemplaire disponible.

PLUDOC

PLUDOC est la plateforme unique et centralisée de gestion des bibliothèques physiques et numériques de Guinée administré par le CEDUST. Elle est la plus grande base de données de ressources documentaires pour les Étudiants, Enseignants chercheurs et Chercheurs de Guinée.

Adresse

627 919 101/664 919 101

25 boulevard du commerce
Kaloum, Conakry, Guinée

Réseaux sociaux

Powered by Netsen Group @ 2025